International auditing standards (Record no. 47285)

MARC details
000 -LEADER
fixed length control field 00626nam a2200181 a 4500
008 - FIXED-LENGTH DATA ELEMENTS--GENERAL INFORMATION
fixed length control field 120416s1979 ||||||||||||||||| || u
020 ## - INTERNATIONAL STANDARD BOOK NUMBER
International Standard Book Number 0134709489
050 ## - LIBRARY OF CONGRESS CALL NUMBER
Classification number HF 5667 Sta
100 ## - MAIN ENTRY--PERSONAL NAME
Personal name Stamp, Edward
245 10 - TITLE STATEMENT
Title International auditing standards
260 ## - PUBLICATION, DISTRIBUTION, ETC.
Place of publication, distribution, etc. Englewood Cliffs, [N.J.]
Name of publisher, distributor, etc. Prentice-Hall international
Date of publication, distribution, etc. 1979
300 ## - PHYSICAL DESCRIPTION
Extent xiv, 159p.
350 ## - PRICE (NR) (BK AM CF MU VM SE) [OBSOLETE]
Price 0.00
500 ## - GENERAL NOTE
General note Bibliography
650 ## - SUBJECT ADDED ENTRY--TOPICAL TERM
Topical term or geographic name entry element AUDITING--STANDARDS
700 ## - ADDED ENTRY--PERSONAL NAME
Personal name Moonitz, Maurice
995 ## - RECOMMENDATION 995 [LOCAL, UNIMARC FRANCE]
-- 0.00
-- CBU-MAIN LIBRARY (Kitwe)
-- 1
-- 22.95
-- 1
-- AVAILABLE
-- Annex Low-Usage Collection
Holdings
Withdrawn status Lost status Source of classification or shelving scheme Damaged status Not for loan Home library Current library Shelving location Date acquired Total Checkouts Full call number Barcode Date last seen Price effective from Koha item type
          CBU-MAIN LIBRARY, KITWE. CBU-MAIN LIBRARY, KITWE.   11/30/2022   HF 5667 Sta 006878 11/30/2022 11/30/2022 MONOGRAPH